|
|
|
|
| LEADER |
00000naa a2200000uu 4500 |
| 001 |
vtls011084976 |
| 003 |
SK-MaSNL |
| 005 |
20260302105103.0 |
| 008 |
210905|1996 xo |||||||||||||||||eng| |
| 015 |
|
|
|a SNBRA
|
| 035 |
|
|
|a (urnnbn)urn:nbn:sk:snk:ar-a0clne
|
| 035 |
|
|
|a (uuid)b43216b0-8a46-4178-9660-0b24aa5df9ee
|
| 035 |
|
|
|a urn:nbn:sk:snk-aavrjf
|
| 040 |
|
|
|a SNKBUCL
|b slo
|c SNKBUCL
|e AACR2
|
| 041 |
0 |
|
|a eng
|
| 044 |
|
|
|a xo
|c SK
|
| 100 |
1 |
|
|a Drozd, Danuta
|4 aut
|9 783187
|
| 245 |
1 |
0 |
|a RESPONSE OF SPRING WHEAT GENOTYPES TO LASER RADIATION
|c Danuta Drozd, Hanna Szajsner
|
| 700 |
1 |
|
|a Szajsner, Hanna
|4 aut
|9 783210
|
| 773 |
0 |
|
|t Zborník z medzinárodnej vedeckej konferencie "Agronomická fakulta a vývoj poľnohospodárstva na Slovensku"
|d Nitra : Vysoká škola poľnohospodárska, 1996
|g S. 141-144
|z 8071372765
|
| 958 |
|
|
|a OND
|
| 958 |
|
|
|a article12
|
| 958 |
|
|
|a chapter
|
| 999 |
|
|
|c 1237349
|d 1239279
|